| 000 | 00983nam a22002177a 4500 | ||
|---|---|---|---|
| 008 | 090813t xxu||||| |||| 00| 0 eng d | ||
| 010 | _aB-343098 | ||
| 020 |
_a9788189975340 _c275-00 |
||
| 035 | _aB-343098 | ||
| 037 |
_aUBH _bRP/CL/E;16/79/18-06-09/23-06-09/28-06-09 |
||
| 040 |
_adpl _beng |
||
| 082 | _a158.22 | ||
| 100 | _aCanfield,Jack | ||
| 245 |
_aChicken Soup For The Soul Life Lessons for loving the way you live _b7 essentials ingredients for finding balance and serenity/ _cby Jack Canfield,Mark Victor Hansen,Jennifer Read Hawthorne |
||
| 260 |
_aNew Delhi _bWestland Ltd _c2007 |
||
| 270 |
_aF-5 Okhla Industrial Area Phase I _bNew Delhi _e110020 |
||
| 300 |
_axiii, 332pgs _c20cm |
||
| 942 |
_2ddc _cEN _h158.22 _mCAN |
||
| 999 |
_c29173 _d29173 |
||